000
00330nam a22001457a 4500
003
SGT
020
_a
9789394102538
082
_a
612
_b
H24J
100
_a
Jain, A. K.
245
_a
Human Physiology for B.D.S.
260
_a
New Delhi, India
_b
Arya Pub. Co.
_c
2024
300
_a
590
650
_a
Physiology
942
_2
ddc
_c
BK
_0
159
999
_c
26873
_d
26873